MDQL
is popping MORE tags! Check the
thread
!
Quizzes
Events
Quiz Creation
Community
Videos
Private Events
Remove Ads
Sign In
Join for FREE
Feedback
Dark Mode
Quiz Categories
Sports
Geography
Music
Movies
Television
Just For Fun
Miscellaneous
History
Literature
Language
Science
Gaming
Entertainment
Religion
Holiday
For Kids
Quiz Lab
Recent
Popular Today
Quiz Kudos Today
Editor Picks
Curator Picks
Quizzes by...
Day
Popularity
Type
Ratings
Length
Year
Community
Subscriptions
Recent Discussions
Orange Saloon
Badges
Playlists
Quests
Create
Leaderboards
Showdown
Live 5
Trivia Bingo
Activity
Puzzle Library
Sporcle Events
Private Events
Virtual Trivia
Globe League
Become a Host
Pub Owners
SporcleCon
Opinionation
Our Games
Videos
Blog
Mobile Apps
Partnerships
Remove Ads and Go Orange
Feedback
Television
TV Characters
TV Show
Sitcom
Network
Friends
Reality Shows
Cast
South Park
Star Trek
The Simpsons
Doctor Who
Television
TV Characters
TV Show
Sitcom
Network
Friends
Reality Shows
Cast
South Park
Star Trek
The Simpsons
Doctor Who
Random Quiz
Search Sporcle
×
Quiz Lab
Quiz Lab
Television
Aqua Teen Hunger Force
Type answers based on single images at one time
Type answers based on single images at one time
Slideshow
Best Score? Go Orange.
Ultimate Aqua Teen Hunger Force Quiz: Characters Stats
Can you name all the Aqua Teen Hunger Force characters?
By
davidmtlannom
20m
120 Questions
120 Plays
120 Plays
120 Plays
Comments
Comments
Give Quiz Kudos
Give Quiz Kudos
-
- Ratings
hide this ad
Replay
Link that replays current quiz
Next Quiz
Link to next quiz in quiz playlist
You Got
0%
They Got
Avg Score
25%
Avg Friend Score
Upgrade to see
Score Distribution
Jump to the score distribution portion of the page
Score
0/120
Timer
20:00
0
Plays Today
% Correct
Frylock
99.2%
Meatwad
98.3%
Master Shake
97.5%
Hand Banana
68.3%
Boxy Brown
54.2%
Ignignokt
52.5%
MC Pee Pants
48.3%
Carl
47.5%
Sir Loin
46.7%
Dr. Weird
45.8%
Steve
45%
Err
43.3%
Oglethorpe
41.7%
Insane Clown Posse
41.7%
Wisdom Cube
40.8%
Happy Time Harry
40%
Cybernetic Ghost of Christmas Past from the Future
40%
Dingle
39.2%
Dirtfoot
38.3%
Ted Nugent
38.3%
Rabbot
38.3%
Svetlana
37.5%
Ol Drippy
37.5%
Willie Nelson
37.5%
Emory
37.5%
Travis
35.8%
Romulox
35%
Brownie Monsters
35%
BillyWitchDoctor.com
35%
Universal Remonster
34.2%
Major Shake
34.2%
Danzig
34.2%
Dewey
34.2%
Ezekial
33.3%
Vanessa
32.5%
Mothmonsterman
32.5%
Skeeter
30.8%
Jiggle Billy
30.8%
Oog
30.8%
Love Mummy
30%
% Correct
Javier
30%
Chess Dragon
30%
Little Brittle
28.3%
DP
28.3%
Gorgatron
27.5%
Walter Melon
26.7%
Markula
26.7%
Insanoflex
25.8%
Robositter
25.8%
Tammy Tangerine
25%
Paul
25%
Freedom Cobra
24.2%
Wayne The Brain McClain
24.2%
Zakk Wylde
24.2%
Inside Out Boy
24.2%
Gene E
24.2%
Dr. Wongburger
24.2%
Creditor
23.3%
Cliff
22.5%
Jerry
21.7%
Wwwyzzerdd
21.7%
Dan
21.7%
Brain Fairy
20.8%
Mr. Sparkles
20.8%
Carl Brain
20.8%
Dusty Gozongas
20%
Bert Banana
20%
Mortimer Mango
20%
Neil Peart
20%
Rocket Horse
19.2%
Hoppy Bunny
19.2%
Randall
19.2%
Tera Patrick
18.3%
Turkatron
18.3%
Bart Oats
18.3%
John Kruk
17.5%
Randy The Astonishing
17.5%
Creature from Plaque Lagoon
17.5%
Schoolly D
17.5%
Drewbacca
16.7%
% Correct
Napkin Lad
15.8%
Allen
15.8%
Terrence
15.8%
Terry
15.8%
Zucotti Manicotti
15%
Jet Chicken
15%
Pod
15%
Lance
15%
Chicken Bittle
14.2%
Gypsy
13.3%
Totem Pole
12.5%
Flargon
12.5%
Jubilee
12.5%
Rudy
11.7%
Merle
11.7%
BJ Queen
11.7%
Chrysanthemum
11.7%
Freda
10.8%
Poncho
10.8%
Neilzabub
10.8%
Ned Hastings
10.8%
Rudy
10.8%
Lance
10%
Knappy
9.2%
Zeebles
9.2%
Starsky
9.2%
Cameo
9.2%
Jay
8.3%
Sheila
8.3%
Gary the Dairy Fairy
8.3%
Bingo
8.3%
Merlo Sauvignon Blanco
7.5%
Mongrel
6.7%
Zod
5.8%
Rupert
5.8%
Ray
4.2%
Presbobot
4.2%
Phil
4.2%
Michael Kohler
3.3%
Delores
2.5%
Quiz Playlist
Details
Report
Send in Message
Add To Playlist
Slideshow:
Type answers based on single images at one time
Last Updated: Mar 3, 2017
Quiz Scoreboard
CHALLENGE
Sign Up to Join the Scoreboard
Show All
Scores
Hide
Comments
May contain spoilers
Recently Published
5x2 Blitz: Bands
by SL_Kpop136
Music
30s
Colored Red Africa Blitz
by spor1
Geography
30s
Find the 'City' Movie
by crazypaving
Movies
60s
More to Explore
Quiz From the Vault
Featured Blog Post
14 Easter Pick-up Lines to Find Eggs With
hide this ad
You Might Also Like...
Tags
Adult Swim
Aqua Teen Hunger Force
Today's Top Quizzes in Television
Browse Television
hide this ad
Top Contributed Quizzes in Television
1
Survivor Journey Challenge
2
Brooklyn Nine Nine Logic Puzzle (How-To-Play)
3
Phoebe Buffay Quotes
4
Survivor Trivia
5
Total Drama Characters
6
Survivor Logic Puzzle: Heroes vs. Villains
7
One Tree Hill Logic Puzzle
8
Survivor Heroes vs. Villains Logic Puzzle
9
All US Survivor Seasons in Order
10
Adjectives in 00s TV Shows
Explore More
Trending Topics
Disney
Harry Potter
Kpop
Crossword
NBA
Anime
Marvel
Puzzle
Soccer
NFL
Pokémon
Song
Country
WWE
The Office
hide this ad
More By:
davidmtlannom
Quiz
Plays
Rating
Category
Featured
Created
Some Jerk With a Camera Character Quiz
142
Religion
Aug 3, 2023
Ultimate Aqua Teen Hunger Force Quiz: Characters
120
3.60
Television
Mar 1, 2017
Go to Creator's Profile
Score Distribution
Quiz Creator Spotlight
davidmtlannom
Follow
Send a Message
Quizzes Created
-
Created Quiz Play Count
-
More By This Creator
Popular Quizzes Today
1
Colored Red Africa Blitz
2
Find the 'City' Movie
3
5x2 Blitz: Bands
4
Find the US States - No Outlines Minefield
5
The Countries of the World
6
Find the US States
7
US States
8
Find the Countries of Europe - No Outlines Minefield
More Television Quizzes
Rick and Morty Character Blitz
Published
Trending Quizzes
Colored Red Europe Blitz I
Colored Red Europe Blitz II
Colored Red Africa Blitz II
Colored Red Europe Blitz III
Colored Red Africa Blitz III
Recently Updated
How Do You Spell That?
pecheneg
Godzilla Movies
pecheneg
Grab Bag: 4-10 Letters
pecheneg
2024 March Madness Bracket
pecheneg
Famous TV Couples
Peacemaker
Champions League XIs: Real Madrid
pecheneg
Largest US Cities 1790-2010
pecheneg
Rides in Walt Disney World
pecheneg
Most Oscar Losses (Acting)
pecheneg
Beyoncé Albums
pecheneg
Trending Topics
Harry Potter
Disney
Anime
Marvel
Crossword
Kpop
NBA
NFL
Country
WWE
The Office
Soccer
Pokémon
Song
Puzzle
Your Account Isn't Verified!
In order to create a playlist on Sporcle, you need to verify the email address you used during registration. Go to your
Sporcle Settings
to finish the process.
Report this User
Report this user for behavior that violates our
Community Guidelines
.
Details:
Send Report
Go to the Sporcle.com Mobile Site →
Comments